000 01212cam a22003497a 4500
003 CHAP
005 20220817040848.0
008 971013s1990 r 00010 d
010 _a1681
011 _a2653
035 _a1848
040 _cCHAP
090 _aFolleto 12557
100 0 0 _aPorras Piedra, Andrés.
_990952
245 0 _aRecolección del tomate
_b: principios agronómicos y técnicos
260 _aMadrid :
_bMinisterio de Agricultura, Pesca y Alimentación,
_c1990
300 _a32 p.
_b: ilus
490 0 _aHojas divulgadoras
_v; 2/90 HD
590 _aBATCH-UPD
_b10
_c20130110
_lUCH01
_h0118
590 _aBATCH-UPD
_b10
_c20130110
_lUCH01
_h2144
590 _aBATCH-UPD
_b10
_c20130409
_lUCH01
_h2111
590 _aBATCH-UPD
_b10
_c20130410
_lUCH01
_h1453
590 _aBATCH-UPD
_b10
_c20130914
_lUCH01
_h1319
590 _aCONVERSION
_b10
_c20130109
_lUCH01
_h1302
650 1 4 _aTomate
_xRecolección.
_9113760
710 0 _aEspaña. Ministerio de Agricultura, Pesca y Alimentación.
_937712
830 0 _aHojas divulgadoras
_v; 2/90 HD
901 _aBK
942 _cFOLL
949 _aFolleto 12557
_bBC
_cFOLL
_d-11342
_eTS1
_i1848
_si
949 _aFolleto 12557
_bBC
_cFOLL
_d-69898
_eTS2
_fc.2
_i1848
_si
999 _c1681
_d1681